A travers l'Espagne (Record no. 38134)

MARC details
000 -LEADER
campo de control de longitud fija 00963nam a2200229 i 4500
001 - NÚMERO DE CONTROL
campo de control 38134
003 - IDENTIFICADOR DE NÚMERO DE CONTROL
campo de control ES-MaACL
005 - FECHA Y HORA DE LA ÚLTIMA TRANSACCIÓN
campo de control 20250819173341.0
007 - CAMPO FIJO DE DESCRIPCIÓN FÍSICA--INFORMACIÓN GENERAL
campo de control de longitud fija t|
008 - DATOS DE LONGITUD FIJA--INFORMACIÓN GENERAL
campo de control de longitud fija 030224s1904 fr ||||1| fre d
100 1# - ENTRADA PRINCIPAL--NOMBRE DE PERSONA
Nombre de persona Cabello y Lapiedra, Luis María.
9 (RLIN) 33183
245 10 - MENCIÓN DEL TÍTULO
Título A travers l'Espagne
Resto del título : (indicateur du voyage pour les Congresistes) /
Mención de responsabilidad, etc. rèdigé pa Louis Mª Cabello y Lapiedra ; en collaboration avc M.M. Clareria Lampérez, Repullés y Vargas et Vega Morcho.
260 ## - PUBLICACIÓN, DISTRIBUCIÓN, ETC.
Lugar de publicación, distribución, etc. Madrid :
Nombre del editor, distribuidor, etc. Romero,
Fecha de publicación, distribución, etc. 1904.
300 ## - DESCRIPCIÓN FÍSICA
Extensión IV, 120 p., 24 lám. ;
Dimensiones 17 cm.
500 ## - NOTA GENERAL
Nota general Precede al tít.: Vleme Congrés internacional des Architectes... - con siete itinerarios.
700 1# - ENTRADA AGREGADA--NOMBRE PERSONAL
Nombre de persona Clareria Lámperez, M. M.
9 (RLIN) 39009
700 1# - ENTRADA AGREGADA--NOMBRE PERSONAL
Nombre de persona Morcho, Vega.
9 (RLIN) 83182
700 1# - ENTRADA AGREGADA--NOMBRE PERSONAL
Nombre de persona Repullés y Vargas, Enrique María,
Fechas asociadas al nombre 1845-1922
9 (RLIN) 96277
711 04 - ENTRADA AGREGADA--NOMBRE DE REUNIÓN
Nombre de congreso/reunión o jurisdicción como elemento de entrada Congreso Internacional de Arquitectos (
Número del congreso/reunión o número de parte o sección 6º.
Fecha del congreso o de la firma del tratado 1904.
Sede del congreso/Lugar de la reunión Madrid)
9 (RLIN) 410
852 ## - LOCALIZACIÓN
Ubicación ES-MaACL
Número de control de estantería C-283
Holdings
Estatus retirado Estado de pérdida Estado de daño No para préstamo Biblioteca de origen Biblioteca actual Ubicación en estantería Fecha de adquisición Fuente de adquisición Total de préstamos Signatura topográfica completa Código de barras Visto por última vez Precio de reemplazo Tipo de ítem Koha
        Biblioteca del Ateneo de Madrid Biblioteca del Ateneo de Madrid Sala Palomar 17/01/2008     C-283 1040146 23/02/2023 23/02/2023 Libro impreso